LIBRARY & INFORMATION CENTRE, KCAET, TAVANUR

ONLINE PUBLIC ACCESS CATALOGUE (OPAC)

Structures SI units / (Record no. 10207)

MARC details
000 -LEADER
fixed length control field 00426cam a2200169ua 4500
003 - CONTROL NUMBER IDENTIFIER
control field OSt
008 - FIXED-LENGTH DATA ELEMENTS--GENERAL INFORMATION
fixed length control field 250602b |||||||| |||| 00| 0 eng d
041 ## - LANGUAGE CODE
Language code of text/sound track or separate title eng
082 ## - DEWEY DECIMAL CLASSIFICATION NUMBER
Classification number 624.171
Item number MAR/ST
100 ## - MAIN ENTRY--AUTHOR NAME
Personal name Marshell, W.T .
245 ## - TITLE STATEMENT
Title Structures SI units /
250 ## - EDITION STATEMENT
Edition statement 2 /
260 ## - PUBLICATION, DISTRIBUTION, ETC. (IMPRINT)
Place of publication London :
Name of publisher The English Language book society ,
Year of publication 1984.
300 ## - PHYSICAL DESCRIPTION
Number of Pages 455 ; .
700 1# - ADDED ENTRY--PERSONAL NAME
Personal name Nelson, H.M .
942 ## - ADDED ENTRY ELEMENTS (KOHA)
Koha item type Books
Holdings
Withdrawn status Lost status Damaged status Home library Current library Date acquired Full call number Accession Number Koha item type
      KAUAET KAUAET 27/03/1987 624.171 MAR/ST 16242 Books
free website counter